|
|
|
|
| LEADER |
01395nam a2200265 i 4500 |
| 001 |
10030350 |
| 003 |
upatras |
| 005 |
20230615163847.0 |
| 008 |
991004s1990 gr gre d |
| 020 |
|
|
|a 9600403015
|
| 040 |
|
|
|a GR-PaULI
|c GR-PaULI
|b gre
|e AACR2
|
| 082 |
0 |
4 |
|a 889.15
|
| 082 |
0 |
4 |
|a 889.1
|
| 100 |
1 |
|
|a Σινόπουλος, Τάκης,
|d 1917-1981
|9 170818
|e συγγραφέας.
|
| 245 |
1 |
0 |
|a Πέτρες /
|c Τάκης Σινόπουλος.
|
| 250 |
|
|
|a 4η έκδ.
|
| 260 |
|
|
|a Αθήνα :
|b Κέδρος,
|c 1990.
|
| 300 |
|
|
|a 28 σ. ;
|c 22 εκ.
|
| 942 |
|
|
|2 ddc
|c BK15
|
| 952 |
|
|
|0 0
|1 0
|2 ddc
|4 0
|6 889_100000000000000_ΣΙΝ
|7 0
|9 199289
|a LISP
|b LISP
|c BSC
|d 2016-04-24
|i 041609
|l 0
|o 889.1 ΣΙΝ
|p 025000005452
|r 2016-04-24 00:00:00
|t 1
|w 2016-04-24
|y BK15
|z ΑΠΩΛΕΣΘΕΝ
|
| 952 |
|
|
|0 0
|1 0
|2 ddc
|4 0
|6 889_150000000000000_ΣΙΝ
|7 0
|9 199290
|a LISP
|b LISP
|c BSC
|d 2016-04-24
|i 5880
|l 0
|o 889.15 ΣΙΝ
|p 025000144925
|r 2016-04-24 00:00:00
|w 2016-04-24
|y BK15
|z ΑΠΩΛΕΣΘΕΝ
|x Μεταφορά Τμήματος Φιλολογίας
|
| 952 |
|
|
|0 0
|1 0
|2 ddc
|4 0
|6 889_134000000000000_ΣΙΝ
|7 0
|9 372672
|a LISP
|b LISP
|c BSC
|d 2023-06-15
|e ΚΟΤ
|i 260641
|l 0
|o 889.134 ΣΙΝ
|p 025000300595
|r 2023-06-15 00:00:00
|t 3
|w 2023-06-15
|y BK15
|x Δωρεά Ελισάβετ και Παναγιώτη Κοτζιά
|
| 998 |
|
|
|c ΑΝΔΡΙΚΟΠΟΥΛΟΥ
|d 2005-04
|
| 998 |
|
|
|c ΣΑΤΛΑΝΗΣ
|d 2023-06
|
| 999 |
|
|
|c 122248
|d 122248
|